MESTSKÁ KNIŽNICA GIRALTOVCE  - online katalóg 

Dejiny plné omylov (Record no. 23192)

000 -NÁVESTIE
fixed length control field 01485cam a2200385 a 4500
001 - EVIDENČNÉ ČÍSLO ZÁZNAMU - Kontrolné číslo
control field vtls009950388
005 - DÁTUM A ČAS POSLEDNEJ TRANSAKCIE
control field 20220421131059.0
008 - ÚDAJE S PEVNOU DĹŽKOU – VŠEOBECNÉ INFORMÁCIE
fixed length control field 160208s2009 xo ob g 000 0 slo
020 ## - MEDZINÁRODNÉ ŠTANDARDNÉ ČÍSLO KNIHY (ISBN)
Medzinárodné štandardné číslo knihy (ISBN) 9788080464325 (brož.)
035 ## - Iný štandardný identifikátor
Iný štandardný identifikátor FC0B7AF6-33E2-4CCF-9BFA-80B95E15B8C2
035 ## - Iný štandardný identifikátor
Iný štandardný identifikátor urn:nbn:sk:snk-amk922
035 ## - Iný štandardný identifikátor
Iný štandardný identifikátor urn:nbn:sk:snk-am008csu
040 ## - ZDROJ KATALOGIZÁCIE
Pôvodná katalogizujúca agentúra PPPK
Jazyk katalogizácie slo
Prepisujúca agentúra PPPK
Modifikujúca agentúra SNK
Konvencie popisu AACR2
041 1# - KÓD JAZYKA
Kód jazyka textu/zvukovej stopy alebo samostatných nápisov slo
Kód jazyka originálu a/alebo sprostredkujúcich prekladov textu eng
044 ## - KÓD KRAJINY VYDAVATEĽA/PRODUCENTA
Kód krajiny MARC xo
Kód krajiny ISO SK
072 #7 - KÓD PREDMETOVEJ KATEGÓRIE
Kód predmetovej kategórie 94(100)
Pododdiel kódu predmetovej kategórie Svetové dejiny
Zdroj konspekt
080 ## - ČÍSLO MEDZINÁRODNÉHO DESATINNÉHO TRIEDENIA (MDT)
Číslo Medzinárodného desatinného triedenia (MDT) 94(100)
Identifikátor vydania 2001
080 ## - ČÍSLO MEDZINÁRODNÉHO DESATINNÉHO TRIEDENIA (MDT)
Číslo Medzinárodného desatinného triedenia (MDT) (048.8)
Identifikátor vydania 2001
080 ## - ČÍSLO MEDZINÁRODNÉHO DESATINNÉHO TRIEDENIA (MDT)
Číslo Medzinárodného desatinného triedenia (MDT) 001.98
Identifikátor vydania 2001
100 1# - OSOBNÉ MENÁ – VŠEOBECNÉ INFORMÁCIE
Osobné meno Weir, Stephen
-- 2857
240 10 - UNIFIKOVANÝ NÁZOV
Unifikovaný názov History's worst decisions
Jazyk diela Slovensky
245 10 - NÁZOV
Názov Dejiny plné omylov
Zvyšok názvu najhoršie rozhodnutia a tí, čo ich majú na svedomí
Údaj o zodpovednosti atď. Stephen Weir ; [autor textov Zápoľského spojenectvo s Turkami, Požiadavka Hornouhorského slovenského okolia, Rozhodnutie Štefánika vrátiť sa do vlasti lietadlom: Ivan Mrva ; z anglického originálu preložila Elena Guričanová ; verše prebásnila Dana Guričanová]
250 ## - ÚDAJ O PORADÍ VYDANIA
Údaj o poradí vydania 1. vyd.
260 ## - VYDAVATEĽSKÉ ÚDAJE, DISTRIBÚCIA ATĎ.
Miesto publikovania, distribúcie atď. Bratislava
Názov vydavateľa, distibútora atď. Perfekt
Dátum publikovania, distribúcie atď. 2009
300 ## - FYZICKÝ POPIS
Rozsah 264 s.
Ďalšie fyzické detaily fotogr., mapy
Rozmery 23 cm
650 07 - PRIDANÝ VSTUP – PREDMET – TEMATICKÉ HESLO
Tematické heslo alebo geografický názov ako vstupný prvok svetové dejiny
Zdroj hesla alebo termínu SNKPH
-- 1591
650 07 - PRIDANÝ VSTUP – PREDMET – TEMATICKÉ HESLO
Tematické heslo alebo geografický názov ako vstupný prvok omyly
Zdroj hesla alebo termínu SNKPH
-- 2858
655 #7 - INDEXAČNÝ TERMÍN – ŽÁNER/FORMA
Údaje o žánri/forme alebo termín, ktorý je prvok fazety monografie
Zdroj termínu SNKPH
-- 1661
700 1# - PRIDANÝ VSTUP – OSOBNÉ MENO
Osobné meno Mrva, Ivan,
Dátumy súvisiace s menom 1954-
Kód roly aut
-- 2859
700 1# - PRIDANÝ VSTUP – OSOBNÉ MENO
Osobné meno Guričanová, Elena
Kód roly trl
-- 2860
700 1# - PRIDANÝ VSTUP – OSOBNÉ MENO
Osobné meno Guričanová, Dana
Kód roly trl
-- 2861
958 ## - Formálny deskriptor
Formálny deskriptor OND
958 ## - Formálny deskriptor
Formálny deskriptor OP
Holdings
Stav stiahnutia (Blokovanie) (Withrawn status) Stav straty Zdroj klasifikácie pre skladovanie Stav poškodenia (Damaged status) Nie pre výpožičky (Not for loan) Spôsob nadobudnutia (Collection code) Trvalé umiestnenie Aktuálne umiestnenie Dátum nadobudnutia Inventárne číslo (prírastkové číslo) Celkom výpožičky Celkom prolongácie (predĺženia) Full call number Čiarový kód Dátum posledného výskytu Dátum poslednej výpôžičky Cena s účinnosťou od Typ jednotky Koha
          Dar Mestská knižnica Giraltovce Mestská knižnica Giraltovce 2022-04-21 21539 7 1 S1512 S1512 2026-04-21 2026-02-25 2022-04-21 Odborná literatúra pre dospelých

Powered by Koha